000 00920nac a22002777a 4500
001 BR7316486
003 BR-BrBNA
005 20240105113701.0
008 230509b bl.|||m| |||| 00| 0 por d
040 _aBR-BrBNA
_bpor
_cBiblioteca Nacional de Agricultura
072 _aL73
090 _a5100 BR7316486
100 1 _aCorrea, O.
110 1 _aSecretaria de Estado dos Negocios da Agricultura, Industria e Comercio, Porto Alegre, RS (Brasil). Seccao de Informacoes e Propaganda Agricola
_98949
245 1 _aA gasterofilose equina no Rio Grande do Sul [Zoonose; Brasil]
260 3 _aPorto Alegre, RS (Brasil):
_c1945.
300 _a38 p.
490 _aSIPA. Serie B (Brazil)
_vno. 115
_x
500 _aBibliography p. 36-38 (60 ref.)
650 _aDoenca animal
650 _aEquino
650 _aCavalo
650 _aZoonose
909 _a202312
_bLúcia Elande
_c55
_dLúcia Elande
942 _2AGRIS
_n0
_cMS
999 _c264976
_d264976